Harry Potter: (Record no. 617394)
[ view plain ]
| 000 -LEADER | |
|---|---|
| fixed length control field | 00397nam a22001457a 4500 |
| 020 ## - INTERNATIONAL STANDARD BOOK NUMBER | |
| International Standard Book Number | 9781408855676 |
| 040 ## - CATALOGING SOURCE | |
| Transcribing agency | NUST |
| 082 ## - DEWEY DECIMAL CLASSIFICATION NUMBER | |
| Classification number | 823.914,ROW |
| 100 ## - MAIN ENTRY--PERSONAL NAME | |
| Personal name | Rowling, J.K. |
| 9 (RLIN) | 11309 |
| 245 ## - TITLE STATEMENT | |
| Title | Harry Potter: |
| Remainder of title | and the prisoner of Azkaban / |
| Statement of responsibility, etc. | J.k. Rowling |
| 260 ## - PUBLICATION, DISTRIBUTION, ETC. | |
| Place of publication, distribution, etc. | UK |
| Name of publisher, distributor, etc. | Bloomsbury Children's Books |
| Date of publication, distribution, etc. | 2014 |
| 300 ## - PHYSICAL DESCRIPTION | |
| Extent | 461 p.; |
| 650 ## - SUBJECT ADDED ENTRY--TOPICAL TERM | |
| Topical term or geographic name entry element | Noval |
| 9 (RLIN) | 107828 |
| 942 ## - ADDED ENTRY ELEMENTS (KOHA) | |
| Source of classification or shelving scheme | |
| Koha item type | Fiction |
| Call number prefix | 823.914,ROW |
No items available.
